000 00290nam a22001337a 4500
008 170927b xxu||||| |||| 00| 0 eng d
020 _a9780395868270
041 _aeng
080 _23RD
_a37
100 _a46
101 _aEDU
245 _aCHILD DEVELOPMENT
_cBUKATKO,D
942 _2udc
_cBK
999 _c30187
_d30187